• 首页
  • 本馆介绍
  • 公告通知
  • 最新文献
  • 馆藏检索
  • 电子资源
  • 读者导购
  • 参考咨询
  • 我的图书馆
  • 登录
  • 详细信息显示
  • 放入我的书架
  • 预约/预借图书
  • 作者相关作品
  • 分类相关作品
  • 丛书相关作品
  • 出版社相关作品

书目信息

  • 表格格式
  • 工作单格式
  • 卡片格式
题名:
西藏
    
 
作者: 中国旅游指南编委会编
分册:  
出版信息: 北京   中华书局  2000.12
页数: 96页
开本: 19cm
丛书名:
单 册:
中图分类: K928.9 , K928.975
科图分类:
主题词: 导游--中国 , 导游--西藏自治区 , CT--S012417--导游
电子资源:
ISBN: 7-101-02758-X
000 00936nam0 2200301 45
001 012001027773
005 20060911094907.74
010    @a7-101-02758-X@dCNY10.00
035    @a(011001)c2001028450
092    @aCN@b167611
100    @a20010516d2000 em y0chiy0110 ea
101 0  @achi
102    @aCN@b110000
105    @aab g 000yy
200 1  @a西藏@Axi zang@f中国旅游指南编委会编@Fzhong guo lu^ you zhi nan bian wei hui bian
210    @a北京@c中华书局@d2000.12
215    @a96页@c彩图,地图@d19cm
300    @a中国旅游指南
330    @a本书介绍了西藏的概览;西藏旅游的行程安排;介绍了西藏的民风民俗;风景名胜;西藏之最;旅游服务及旅游须知。
510 1  @aChinese Tourism Guide@iXizang@zeng
606 0  @a导游@y中国
606 0  @a导游@y西藏自治区
606 0  @2CT@3S012417@a导游
690    @aK928.9@v4
690    @aK928.975@v4
801  0 @aCN@bNLC@c20060911
905    @aBZT@dK928.9@e48
906    @dCNY10.00@n0@r1
    
    西藏/中国旅游指南编委会编.-北京:中华书局,2000.12
    96页:彩图,地图;19cm
    中国旅游指南
    
    ISBN 7-101-02758-X:CNY10.00
    本书介绍了西藏的概览;西藏旅游的行程安排;介绍了西藏的民风民俗;风景名胜;西藏之最;旅游服务及旅游须知。
●
相关链接 在五车中查询图书 在当当中查询图书 在豆瓣中查询图书


正题名:西藏     索取号:K928.9/48         预约/预借

序号 登录号 条形码 馆藏地/架位号 状态 备注
1 454153   230010319   中心书库南/015架B面2层5列/ [索取号:K928.9/48] 在馆    
2 454154   230010318   中心书库南/015架B面2层5列/ [索取号:K928.9/48] 在馆    
3 454155   230010317   中心书库南/015架B面2层5列/ [索取号:K928.9/48] 在馆    
4 454156   230010316   中心书库南/015架B面2层5列/ [索取号:K928.9/48] 在馆    
5 454157   230010315   中心书库南/015架B面2层5列/ [索取号:K928.9/48] 在馆    
山东省滨州职业学院图书馆 欢迎您!
大连网信软件有限公司© 版权所有